000 00967nam a22002297a 4500
001 BD-DhSAU 4404
003 BD-DhSAU
005 20150217142208.0
008 150203b1990 a||||r|||| 000 0 ben d
040 _aBD-DhSAU
082 _222
_a৫৮১
_bদেবউ
100 _a মিত্র, দেবব্রত
245 _aউদ্ভিদবিজ্ঞান দ্বিতীয় খন্ড /
_cদেবব্রত মিত্র, সলিল কুমার চৌধুরী এবং নরেন দত্ত
250 _a২য় সংসকরণ
260 _aকলিকাতা :
_bমৌলিক লাইব্রেরী,
_c১৯90.
300 _axxviii, ৯৩২ পৃ. :
_bচিত্র ;
_c২১ সেমি।
590 _ajoy
650 _aউদ্ভিদবিজ্ঞান।
650 _aBotany.
700 _aচৌধুরী, সলিল কুমার
700 _aদত্ত, নরেন
942 _2ddc
_cBOOK
999 _c4404
_d4404